00333pab a2200109 454500008004000000100001900040245009600059260000900155300001000164650001900174773003000193180718b1983 xxu||||| |||| 00| 0 eng d aGroulx, Lionel aDeprofessionalisation of social servicebDemands of democracy or pretensions to a new power c1983 a38-44 aSocial Service aInternational Social Work